[Event "Wch U16"]
[Site "Khanty-Mansiysk"]
[Date "2016.09.30"]
[Round "8"]
[White "Bold, Khosbayar"]
[Black "Villca, Julian"]
[Result "0-1"]
[WhiteElo "1926"]
[BlackElo "2234"]
[PlyCount "100"]
[EventDate "2016.09.22"]
[EventType "swiss"]
[EventRounds "11"]
[EventCountry "RUS"]
[SourceTitle "EXT 2017"]
[Source "ChessBase"]
[SourceDate "2016.10.25"]
[SourceVersion "1"]
[SourceVersionDate "2016.10.25"]
[SourceQuality "1"]

1. e4 e5 2. Nf3 Nc6 3. Bb5 a6 4. Ba4 Nf6 5. d3 b5 6. Bb3 Bc5 7. c3 0-0 8. Bg5 h6 9. Bh4 Be7 10. Nbd2 d6 11. d4 exd4 12. Nxd4 Nxd4 13. cxd4 Nxe4 14. Bxe7 Qxe7 15. Qe2 Re8 16. 0-0-0 Nc5 17. Qf3 Nxb3+ 18. Qxb3 Qg5 19. f4 Qf6 20. Qf3 Bd7 21. d5 c5 22. g4 Qh4 23. h3 f5 24. Rhg1 Re7 25. Qg2 fxg4 26. hxg4 Rae8 27. g5 Re2 28. Qf1 Bh3 29. Rh1 Bxf1 30. Rxh4 hxg5 31. Rh5 Bg2 32. Rxg5 Kf7 33. a3 Kf6 34. Rg1 Re1+ 35. Rxe1 Rxe1+ 36. Kc2 Be4+ 37. Kb3 Bd3 38. Rg3 Bf5 39. a4 Re2 40. axb5 axb5 41. Nf1 Rf2 42. Ne3 Rxf4 43. Kc3 g5 44. b3 g4 45. Rg2 Rf3 46. Kd2 g3 47. Ke2 Be4 48. Nf1 Rxf1 49. Kxf1 Bxg2+ 50. Kxg2 c4 0-1